000 00283nam a2200109Ia 4500
008 200302s9999 xx 000 0 und d
100 _aMark Dudek
245 _aA Design School and Kindergartens
260 _bBirkhauser Publishers for Architecture
260 _c2007
300 _a255 P.,
999 _c2820
_d2820